Az állami neveltek örökbefogadása

Elmentve itt :
Bibliográfiai részletek
Szerző: Lekrinczki Andrea
További közreműködők: Tóthné Dr. Fábián Eszter (Témavezető)
Dokumentumtípus: Szakdolgozat
Megjelent: 1991
Tárgyszavak:
Online Access:http://diploma.bibl.u-szeged.hu/22399
LEADER 00570nta a2200157 i 4500
001 dipl22399
005 20130314081257.0
008 111012s1991 hu om 0|| zxx d
040 |a SZTE Diploma Repozitórium  |b hun 
041 |a zxx 
100 1 |a Lekrinczki Andrea 
245 1 3 |a Az állami neveltek örökbefogadása  |h [elektronikus dokumentum] /  |c Andrea Lekrinczki 
260 |c 1991 
650 4 |a Jogi és igazgatási tanulmányok 
700 2 |a Tóthné Dr. Fábián Eszter  |e ths 
856 4 0 |u http://diploma.bibl.u-szeged.hu/id/eprint/22399/1/1991_lekrinczki_andrea.pdf  |z Dokumentum-elérés